| 000 | 00397cam a2200169ua 4500 | ||
|---|---|---|---|
| 020 | _c1.80 | ||
| 041 |
_amal _h |
||
| 082 |
_a894.812308 _bPAS/SU |
||
| 100 | _aPastovski, K . | ||
| 245 |
_aSuvarna Kusumam / _cK Pastovski. _hTextual Documents |
||
| 260 |
_aThrissur : _bCurrent Books , _c1963. |
||
| 300 | _a412 ; . | ||
| 365 | _a1.80 | ||
| 504 | _a | ||
| 942 | _cBK | ||
| 999 |
_c4663 _d4663 |
||